00467nam a22001457a 4500008004100000020001500041082001600056100002100072245005600093260003200149300003300181600004800214650003800262700002100300150522b xxu||||| |||| 00| 0 eng d a8476716486 a730bD 542f aDias, Florentino aFlorentino DiasbMuseo de CacerescDias, Florentino aMadridbGraficas Omanc2001 a78 p.bill. (col)c16.5x23.5 aDias Flores, Florentinod1954xExposiciones xEscultura modernaxS.20zEspaña aDias, Florentino